Moomin : (Record no. 526718)

MARC details
000 -LEADER
fixed length control field 01975cam a2200433Mi 4500
001 - CONTROL NUMBER
control field moominmoominvall00jans
003 - CONTROL NUMBER IDENTIFIER
control field CaSfIA
005 - DATE AND TIME OF LATEST TRANSACTION
control field 20210118190450.0
007 - PHYSICAL DESCRIPTION FIXED FIELD--GENERAL INFORMATION
fixed length control field cr||||
008 - FIXED-LENGTH DATA ELEMENTS--GENERAL INFORMATION
fixed length control field 890711s1989 fi 000 0 eng d
040 ## - CATALOGING SOURCE
Original cataloging agency FILIN
Language of cataloging fin
Transcribing agency FILIN
Modifying agency OCLCQ
-- CaSfIA
020 ## - INTERNATIONAL STANDARD BOOK NUMBER
International Standard Book Number 9519604480 (nid.)
020 ## - INTERNATIONAL STANDARD BOOK NUMBER
International Standard Book Number 9789519604480 (nid.)
035 ## - SYSTEM CONTROL NUMBER
System control number (OCoLC)57883402
041 1# - LANGUAGE CODE
Language code of text/sound track or separate title eng
Language code of original and/or intermediate translations of text fin
080 ## - UNIVERSAL DECIMAL CLASSIFICATION NUMBER
Universal Decimal Classification number 06
080 ## - UNIVERSAL DECIMAL CLASSIFICATION NUMBER
Universal Decimal Classification number 73/76
245 00 - TITLE STATEMENT
Title Moomin :
Medium [electronic resource]
Remainder of title Moominvalley, Tampere Art Museum /
Statement of responsibility, etc [text, drawings and water-colours: Tove Jansson ; photos: Per Olov Jansson ; transl. by Lars Jansson ; ed.: Anneli Ilmonen, Elli Perkko ; publ.: Tampere Art Museum].
260 ## - PUBLICATION, DISTRIBUTION, ETC. (IMPRINT)
Place of publication, distribution, etc [Tampere] :
Name of publisher, distributor, etc Tampere Art Museum,
Date of publication, distribution, etc 1989
Manufacturer (Tamprint)
300 ## - PHYSICAL DESCRIPTION
Extent 72 s. :
Other physical details kuv. ;
Dimensions 25 cm.
490 1# - SERIES STATEMENT
Series statement Publications / Tampere Art Museum,
Міжнародний стандартний серійний номер для назви серії (ISSN) 0782-3746 ;
Том/ позначення послідовності 26
500 ## - GENERAL NOTE
General note Moominvalley, Tampere Town Library. - Exhibition organized by Tampere Art Museum ; work team: Tuulikki Pietilä, Tove Jansson, Anneli Ilmonen. - Ilm. myös suom. ja ruots.
506 ## - RESTRICTIONS ON ACCESS NOTE
Standardized terminology for access restriction Необхідна авторизація на https://archive.org/ (створення облікового запису безкоштовно)
506 ## - RESTRICTIONS ON ACCESS NOTE
Standardized terminology for access restriction Необхідна авторизація на https://openlibrary.org/ (створення облікового запису безкоштовно)
600 14 - SUBJECT ADDED ENTRY--PERSONAL NAME
Personal name Jansson, Tove.
650 #7 - SUBJECT ADDED ENTRY--TOPICAL TERM
Topical term or geographic name as entry element näyttelyjulkaisut.
Source of heading or term ysa
650 #7 - SUBJECT ADDED ENTRY--TOPICAL TERM
Topical term or geographic name as entry element kuvitus.
Source of heading or term ysa
650 #7 - SUBJECT ADDED ENTRY--TOPICAL TERM
Topical term or geographic name as entry element kuvittajat.
Source of heading or term ysa
650 #7 - SUBJECT ADDED ENTRY--TOPICAL TERM
Topical term or geographic name as entry element lastenkirjallisuus.
Source of heading or term ysa
700 1# - ADDED ENTRY--PERSONAL NAME
Personal name Jansson, Tove.
700 1# - ADDED ENTRY--PERSONAL NAME
Personal name Ilmonen, Anneli.
700 1# - ADDED ENTRY--PERSONAL NAME
Personal name Perkko, Elli.
700 1# - ADDED ENTRY--PERSONAL NAME
Personal name Pietilä, Tuulikki.
710 2# - ADDED ENTRY--CORPORATE NAME
Corporate name or jurisdiction name as entry element Tampereen taidemuseo.
710 2# - ADDED ENTRY--CORPORATE NAME
Corporate name or jurisdiction name as entry element Tampereen kaupunginkirjasto - Pirkanmaan maakuntakirjasto.
830 #0 - SERIES ADDED ENTRY--UNIFORM TITLE
Uniform title Tampereen taidemuseon julkaisuja ;
Volume number/sequential designation 26.
856 41 - ELECTRONIC LOCATION AND ACCESS
Uniform Resource Identifier <a href="http://www.archive.org/details/moominmoominvall00jans">http://www.archive.org/details/moominmoominvall00jans</a>
Public note Free eBook from the Internet Archive
942 ## - ADDED ENTRY ELEMENTS (KOHA)
Koha item type ЕКнига

No items available.